Jurassic World The Game: Cenozoic Species - Statistics

General Stats
  • This quiz has been taken 19 times
  • The average score is 10 of 26
Answer Stats
Type Answer % Correct
Snow Smilodon
91%
Cavern Titanoboa
82%
Cavern Doedicurus
64%
Cavern Andrewsarchus
55%
Cavern Glyptodon
55%
Snow Deinotherium
45%
Savannah Entelodon
45%
Savannah Indricotherium
45%
Snow Megaloceros
45%
Cavern Megatherium
45%
Snow Sarkastodon
45%
Snow Woolly Mammoth
45%
Cavern Amphicyon
36%
Savannah Archaeotherium
36%
Savannah Elasmotherium
36%
Cavern Eremotherium
36%
Savannah Kelenken
36%
Snow Synthetoceras
36%
Snow Thylacosmilus
36%
Savannah Gastornis
27%
Savannah Brontotherium
18%
Snow Diprotodon
18%
Cavern Hyaenodon
18%
Snow Marsupial Lion
18%
Savannah Phorusrhacos
18%
Savannah Uintatherium
9%
No matching quizzes found
Score Distribution
Percent of People with Each Score
Percentile by Number Answered
Your Score History
You have not taken this quiz